000 00470nam a22001697a 4500
003 BD-ChCU
005 20260423091023.0
008 260423b bg ||||| |||| 00| 0 ben d
040 _cBD-ChCU
082 _aREF 915.15 TIB
100 _aManshih , Yanfan
_921799
245 _aTibet :
_bA disaant horizon ./
_cYanfan , Manshih .
260 _aNew Delhi :
_bVikas ,
_cC 1981
300 _a208p.
650 0 _aTibet - Description and Travel .
_921800
942 _2ddc
_cBK
_n0
999 _c112361
_d112361